Unlocking evidence (Record no. 60921)

MARC details
000 -LEADER
fixed length control field 00585nam a2200157 a 4500
008 - FIXED-LENGTH DATA ELEMENTS--GENERAL INFORMATION
fixed length control field 160615s2009 ||||||||||||||||| || u
020 ## - INTERNATIONAL STANDARD BOOK NUMBER
International Standard Book Number 9780340972922
050 ## - LIBRARY OF CONGRESS CALL NUMBER
Classification number KD 202 Cha
100 ## - MAIN ENTRY--PERSONAL NAME
Personal name Ramjohn, Mohamed
245 10 - TITLE STATEMENT
Title Unlocking evidence
Statement of responsibility, etc. By Charanjit Sigh Land [and] Mohamed Ramjohn
260 ## - PUBLICATION, DISTRIBUTION, ETC.
Place of publication, distribution, etc. London
Name of publisher, distributor, etc. Hodder Education
Date of publication, distribution, etc. 2009
300 ## - PHYSICAL DESCRIPTION
Extent xxxii, 380p.
650 #0 - SUBJECT ADDED ENTRY--TOPICAL TERM
Topical term or geographic name entry element EVIDENCE (LAW)
700 ## - ADDED ENTRY--PERSONAL NAME
Personal name Landa, Charanjit Singh
995 ## - RECOMMENDATION 995 [LOCAL, UNIMARC FRANCE]
-- CBU-MAIN LIBRARY (Kitwe)
-- 1
-- AVAILABLE
-- Jan 18, 2017
-- Main Library Open Access Collection
Holdings
Withdrawn status Lost status Source of classification or shelving scheme Damaged status Not for loan Home library Current library Shelving location Date acquired Total Checkouts Full call number Barcode Date last seen Date last checked out Price effective from Koha item type
          CBU-MAIN LIBRARY, KITWE. CBU-MAIN LIBRARY, KITWE.   11/30/2022 3 KD 202 Cha 745812 02/10/2025 12/03/2024 11/30/2022 MONOGRAPH